000 00620nam a2200229Ia 4500
003 OSt
005 20220926045601.0
006 a|||||r|||| 00| 0
007 ta
008 220923b |||||||| |||| 00| 0 eng d
037 _cGeneral Book
040 _aRTL
_cRTL
_beng
041 _2eng
_aeng
082 _aX71.271.N7, L7/GD
110 _aOrissa, Statistics and Economic ( Bureau of-)
245 0 _aOrissa budget
260 _c1977
490 _v00496635:1977
700 _aOrissa, Statistics and Economic ( Bureau of-)
942 _hX71.271.N7, L7/GD
_cGB
_2CC
999 _c677973
_d677973